Acción tutorial y comunidad de aprendizaje (Record no. 173094)

MARC details
000 -CABECERA
campo de control de longitud fija 01951nab a2200325 a 4500
005 - FECHA Y HORA DE LA ÚLTIMA TRANSACCIÓN
campo de control 20210219162253.0
008 - ELEMENTOS DE LONGITUD FIJA--INFORMACIÓN GENERAL
campo de control de longitud fija 991125s1985 mx 000 0 spa u
035 ## - NÚMERO DE CONTROL DEL SISTEMA
Número de control de sistema UPN01000200993
049 ## - COLECCIÓN
Colección ART-E
100 1# - ASIENTO PRINCIPAL--NOMBRE PERSONAL
Nombre de persona Aguilera Jiménez, Antonio
100 1# - ASIENTO PRINCIPAL--NOMBRE PERSONAL
Filiación aguijim@us.es
100 1# - ASIENTO PRINCIPAL--NOMBRE PERSONAL
Nombre de persona Gómez del Castillo Segurado, María Teresa
100 1# - ASIENTO PRINCIPAL--NOMBRE PERSONAL
Filiación mgomezdelcastillo@us.es
222 00 - TÍTULO CLAVE
Título clave ESCUELA ABIERTA :
Información calificativa REVISTA DE INVESTIGACION EDUCATIVA
245 00 - MENCIÓN DE TÍTULO
Título Acción tutorial y comunidad de aprendizaje
260 ## - PUBLICACIÓN, DISTRIBUCIÓN, ETC.
Lugar de publicación, distribución, etc. España
300 ## - DESCRIPCIÓN FÍSICA
Extensión 51-66
362 0# - FECHAS DE PUBLICACIÓN Y/O DESIGNACIÓN SECUENCIAL
Fecha de publicación y/o designación secuencial 2013 No. 16
336 ## - TIPO DE CONTENIDO
Término de tipo de contenido texto$2rdacontent
337 ## - TIPO DE MEDIO
Nombre/término del tipo de medio computadora$2rdamedia
338 ## - TIPO DE SOPORTE
Nombre/término del tipo de soporte recurso en linea$2rdacarrier
520 3# - NOTA DE RESUMEN, ETC.
Sumario, etc. Se entiende por tutor el profesor a quien se le encomienda un grupo de alumnos con el que adquiere el compromiso de promover una educación personalizada e integral, mediante la coordinación de la acción educativa. Esta figura se puede interpretar de manera diferente desde una mentalidad asistencial basada en actuaciones personales que cuando se hace desde una mentalidad transformadora basada en la acción ambiental e institucional. Las actuaciones señaladas en esa definición estarán condenadas al fracaso si se llevan a cabo en un centro donde lo que existan sean “Reinos de Taifas” mientras que adquirirán otro sentido y otra eficacia si se realizan en un centro que se constituya como una verdadera comunidad de aprendizaje. Muchos de los problemas de aprendizaje y de convivencia que se presentan en nuestros centros no tienen solución si se abordan como casos individuales, si se abordan en el plano de lo personal.
653 0# - TERMINO DE INDIZACION - NO CONTROLADO
Término no controlado COMUNIDAD DE APRENDIZAJE
653 0# - TERMINO DE INDIZACION - NO CONTROLADO
Término no controlado TUTORES
653 0# - TERMINO DE INDIZACION - NO CONTROLADO
Término no controlado RELACION FAMILIA-ESCUELA
653 0# - TERMINO DE INDIZACION - NO CONTROLADO
Término no controlado PROCESO ENSEÑANZA-APRENDIZAJE
856 4# - LOCALIZACIÓN Y ACCESO ELECTRÓNICOS
Identificador Uniforme del Recurso <a href="http://www.ceuandalucia.es/escuelaabierta/pdf/articulos_ea16_pdf/aguilera%2055-66.pdf">http://www.ceuandalucia.es/escuelaabierta/pdf/articulos_ea16_pdf/aguilera%2055-66.pdf</a>
905 ## - TIPO DE MATERIAL
Tipo de material Articulo

No items available.